000 00512nam a2200205Ia 4500
001 7523
003 IVS
005 20250626025214.0
008 211022s9999 xx 000 0 und d
040 _cIVS
082 _a746 NID
100 _aNida Mujahid
245 0 _aTextile breathing space
260 _aKarachi
260 _bIndus Valley School
260 _c2003
300 _av. p.
856 _uhttps://drive.google.com/file/d/1ngh3BV8Lt2MpXWf-LeSfyOYIaGDu5WXG/view?usp=sharing
942 _cDISS
_n0
_2ddc
999 _c3783
_d3783